| 000 | 01170nam a2200301Ia 4500 | ||
|---|---|---|---|
| 001 | ebr10279445 | ||
| 003 | CaPaEBR | ||
| 006 | m u | ||
| 007 | cr cn||||||||| | ||
| 008 | 870401s1985 nyu s 001 0 eng u | ||
| 020 | _z0195050827 (Paper) | ||
| 020 | _z9780195050820 | ||
| 020 | _z9786610449675 | ||
| 040 |
_aCaPaEBR _cCaPaEBR |
||
| 035 | _a(OCoLC)252557082 | ||
| 050 | 1 | 4 |
_aPN3448.P6 _bB694 1985eb |
| 100 | 1 | _aBoyers, Robert. | |
| 245 | 1 | 0 |
_aAtrocity and amnesia _h[electronic resource] : _bthe political novel since 1945 / _cRobert Boyers. |
| 260 |
_aNew York ; _aOxford : _bOxford University Press, _cc1985. |
||
| 300 | _a259 p. | ||
| 500 | _aIncludes index. | ||
| 533 |
_aElectronic reproduction. _bPalo Alto, Calif. : _cebrary, _d2009. _nAvailable via World Wide Web. _nAccess may be limited to ebrary affiliated libraries. |
||
| 650 | 0 |
_aFiction _y20th century _xHistory and criticism. |
|
| 650 | 0 |
_aPolitical fiction _xHistory and criticism. |
|
| 655 | 7 |
_aElectronic books. _2local |
|
| 710 | 2 | _aebrary, Inc. | |
| 856 | 4 | 0 |
_uhttp://site.ebrary.com/lib/rucke/Doc?id=10279445 _zAn electronic book accessible through the World Wide Web; click to view |
| 999 |
_c4489 _d4489 |
||